Detalles MARC
| 000 -CABECERA |
| campo de control de longitud fija |
01258nam a2200241 a 4500 |
| 001 - NÚMERO DE CONTROL |
| campo de control |
000020745 |
| 005 - FECHA Y HORA DE LA ÚLTIMA TRANSACCIÓN |
| campo de control |
20240412074249.0 |
| 008 - DATOS DE LONGITUD FIJA--INFORMACIÓN GENERAL |
| campo de control de longitud fija |
100322s2015 dr 000 j spa d |
| 020 ## - NÚMERO INTERNACIONAL ESTÁNDAR DEL LIBRO |
| Número Internacional Estándar del Libro |
9789945460827 |
| 040 ## - FUENTE DE LA CATALOGACIÓN |
| Centro catalogador/agencia de origen |
DO-SdBNP |
| Lengua de catalogación |
spa |
| Centro/agencia transcriptor |
BNPHU |
| 082 ## - NÚMERO DE LA CLASIFICACIÓN DECIMAL DEWEY |
| Número de clasificación |
RD863.44 |
| Número de documento/Ítem |
V443fe |
| 049 ## - FONDOS LOCALES (OCLC) |
| Fondos de biblioteca |
BNPD |
| 100 1# - ENTRADA PRINCIPAL--NOMBRE DE PERSONA |
| Nombre de persona |
Veloz Maggiolo, Marcio, |
| Fechas asociadas al nombre |
1936-2021 |
| 9 (RLIN) |
1104 |
| 245 13 - MENCIÓN DE TÍTULO |
| Título |
La fértil agonía del amor / |
| Mención de responsabilidad, etc. |
Marcio Veloz Maggiolo ; edición Ana Isabel Peñate Leiva. |
| 260 ## - PUBLICACIÓN, DISTRIBUCIÓN, ETC. |
| Lugar de publicación, distribución, etc. |
Santo Domingo : |
| Nombre del editor, distribuidor, etc. |
Editorial Santuario, |
| Fecha de publicación, distribución, etc. |
2015. |
| 300 ## - DESCRIPCIÓN FÍSICA |
| Extensión |
144 p. ; |
| Dimensiones |
23 cm. |
| 505 0# - NOTA DE CONTENIDO CON FORMATO |
| Nota de contenido con formato |
La fértil agonía del amor -- |
| Título |
Sand on the Sea-- |
| -- |
El rescate -- |
| -- |
¿Hombre o mujer? -- |
| -- |
El gallo de la pasión -- |
| -- |
La mujer de Honorio López -- |
| -- |
La pierna de M. Lavalette -- |
| -- |
La prensa matutina -- |
| -- |
La fortaleza -- |
| -- |
Historia del Ejercito Temporero -- |
| -- |
La fábula de Mercalio -- |
| -- |
El destino de Tacho-- |
| -- |
El coronel buenrostro -- |
| -- |
El oficio de los dermétidos -- |
| -- |
El nácar sobresaliente -- |
| -- |
Waldorf -- |
| -- |
La cucaracha -- |
| -- |
La demecracia . |
| 500 ## - NOTA GENERAL |
| Nota general |
Incluye datos biográficos del autor en la solapa de la cubierta |
| 586 ## - NOTA DE PREMIOS |
| Nota de premios |
Premio Nacional de Cuentos 1980 |
| 650 #0 - PUNTO DE ACCESO ADICIONAL DE MATERIA--TÉRMINO DE MATERIA |
| Término de materia o nombre geográfico como elemento de entrada |
Cuentos dominicanos |
| 9 (RLIN) |
176 |
| 650 #0 - PUNTO DE ACCESO ADICIONAL DE MATERIA--TÉRMINO DE MATERIA |
| Término de materia o nombre geográfico como elemento de entrada |
Literatura dominicana. |
| 9 (RLIN) |
67 |
| 700 12 - PUNTO DE ACCESO ADICIONAL--NOMBRE DE PERSONA |
| Nombre de persona |
Ana Isabel Peñate Leiva |
| Término indicativo de función/relación |
edición |
| 9 (RLIN) |
43502 |